| 000 | 01213cam4a220022901 4500 | ||
|---|---|---|---|
| 001 | tmp15306729 | ||
| 003 | UPRA | ||
| 005 | 20190830103015.0 | ||
| 008 | 950728s1731 enk f eng u | ||
| 035 | _a(Sirsi) r111169 | ||
| 035 | _a(UPRA)tmp15306729 | ||
| 040 | _cUPRA | ||
| 110 | 1 |
_aGreat Britain. _6A2544.2 |
|
| 240 | 1 | 0 | _aLaws, etc. |
| 245 | 1 | 4 |
_aThe statute-law common-plac'd, or, A second general table to the statues : _bcontaining the purport and effect of all the acts of parliament in force from Magna Charta down to the reign of King George, in a method perfectly new and regular : with the numerous proviso's and additional clauses inserted under their proper titles ... |
| 250 | _a3rd ed. | ||
| 260 |
_a[London] : _bSavoy, _c1731. |
||
| 700 | 1 |
_aJacob, Giles, 1686-1744. _dJacob, Giles, 1686-1744. _6A71472.1 |
|
| 740 | 2 | _aA second general table to the statues : containing the purport and effect of all the acts of parliament in force from Magna Charta down to the reign of King George, in a method perfectly new and regular : with the numerous proviso's and additional clauses inserted under their proper titles ... | |
| 949 |
_aKA2.E5 _wlcc _i-158822 _mMAIN _tBOOK _lON-SHELF |
||
| 004 | 111169 | ||
| 999 |
_c184251 _d184251 |
||